[Event "Parma City of Culture op 4th"]
[Site "Parma"]
[Date "2024.01.06"]
[Round "3"]
[White "Ceres, Dragos"]
[Black "Kalosha, Zhiulien Oleksii"]
[Result "1-0"]
[WhiteElo "2438"]
[BlackElo "2314"]
[PlyCount "61"]
[EventDate "2024.01.05"]
[EventType "swiss"]
[EventRounds "6"]
[EventCountry "ITA"]
[SourceTitle "CBM 218 Extra"]
[Source "ChessBase"]
[SourceDate "2024.03.31"]
[SourceVersion "1"]
[SourceVersionDate "2024.03.31"]
[SourceQuality "1"]

1. e4 e5 2. Nf3 Nc6 3. Bc4 Nf6 4. d3 Bc5 5. 0-0 d6 6. c3 a5 7. Re1 0-0 8. h3 h6 9. d4 Ba7 10. Bb3 Re8 11. Bc2 exd4 12. cxd4 Nb4 13. Nc3 Nxc2 14. Qxc2 d5 15. e5 Nh7 16. Be3 Be6 17. Rac1 c6 18. Qd2 Nf8 19. Ne2 Bf5 20. Nh2 f6 21. Ng3 Bh7 22. Bxh6 gxh6 23. Ng4 Kh8 24. exf6 Qc7 25. Qxh6 Ne6 26. Nf5 Bxd4 27. Ne7 Rxe7 28. fxe7 Ng7 29. Nf6 Bxf6 30. Qxf6 Kg8 31. Rc3 1-0

[Event "Lorca op 12th"]
[Site "Lorca"]
[Date "2023.12.29"]
[Round "7"]
[White "Ceres, Dragos"]
[Black "Basso, Pier Luigi"]
[Result "1/2-1/2"]
[WhiteElo "2438"]
[BlackElo "2483"]
[PlyCount "36"]
[EventDate "2023.12.26"]
[EventType "swiss"]
[EventRounds "9"]
[EventCountry "ESP"]
[SourceTitle "CBM 217 Extra"]
[Source "ChessBase"]
[SourceDate "2024.01.31"]
[SourceVersion "1"]
[SourceVersionDate "2024.01.31"]
[SourceQuality "1"]

1. e4 e5 2. Nf3 Nc6 3. d4 exd4 4. Nxd4 Nf6 5. Nxc6 bxc6 6. e5 Qe7 7. Qe2 Nd5 8. c4 Ba6 9. b3 g6 10. g3 Bg7 11. Bb2 0-0 12. Bg2 Rae8 13. 0-0 Bxe5 14. Qxe5 Qxe5 15. Bxe5 Rxe5 16. cxd5 Bxf1 17. Kxf1 cxd5 18. Nc3 c6 1/2-1/2